La Sociedad decente / (Record no. 145407)

MARC details
000 -LEADER
fixed length control field 00687cam a2200217 4500
005 - DATE AND TIME OF LATEST TRANSACTION
control field 20220907075609.0
008 - FIXED-LENGTH DATA ELEMENTS--GENERAL INFORMATION
fixed length control field 181106b sp||||| |||| 00| 0 spa d
020 ## - INTERNATIONAL STANDARD BOOK NUMBER
International Standard Book Number 9788449324260
050 04 - LIBRARY OF CONGRESS CALL NUMBER
Classification number JC336
Item number M37 2010
100 1# - MAIN ENTRY--PERSONAL NAME
Personal name Margalit, Avishai
240 ## - UNIFORM TITLE
Uniform title The Decent Society, de Avishai Margalit
245 13 - TITLE STATEMENT
Title La Sociedad decente /
Statement of responsibility, etc Avishai Margalit ; tr. de Carme Castells Auleda.
250 ## - EDITION STATEMENT
Edition statement 1a ed.
260 ## - PUBLICATION, DISTRIBUTION, ETC. (IMPRINT)
Place of publication, distribution, etc Barcelona, España :
Name of publisher, distributor, etc Paidos,
Date of publication, distribution, etc 2010
300 ## - PHYSICAL DESCRIPTION
Extent 222 p. ;
Dimensions 24 cm.
490 #0 - SERIES STATEMENT
Series statement Paidos Estado y Sociedad ;
Volume number/sequential designation No. 50
650 #4 - SUBJECT ADDED ENTRY--TOPICAL TERM
Topical term or geographic name as entry element Política
General subdivision Filosofía
650 #4 - SUBJECT ADDED ENTRY--TOPICAL TERM
Topical term or geographic name as entry element Sociología
General subdivision Política
700 1# - ADDED ENTRY--PERSONAL NAME
Personal name Castells Auleda, Carme,
Relator term tr.
942 ## - ADDED ENTRY ELEMENTS (KOHA)
Source of classification or shelving scheme Biblioteca del Cogreso de los Estados Unidos
Koha item type Libro
Holdings
Estado de pérdida Fuente de clasificación Estado del daño No para préstamo Ubicación permanente Ubicación actual Apartado o colección Fecha de adquisición Fuente de adquisición Edición Dependencia de educación superior (DES) Área del conocimiento Clasificación Código de Barras Date last seen Número de copia Costo por reposición Tipo de recurso
  Biblioteca del Cogreso de los Estados Unidos     Biblioteca de la Facultad de Filosofía Biblioteca de la Facultad de Filosofía General 06/11/2018 Donación 1a ed Humanidades Educación y Humanidades JC336 M37 2010 BFF000031135 06/11/2018 C: 1 1.00 Libro